[Event "FEDA International Scheveningen 2020"]
[Site "La Palma"]
[Date "2020.12.04"]
[Round "5.5"]
[White "Edouard, Romain"]
[Black "Santos Latasa, Jaime"]
[Result "0-1"]
[WhiteElo "2640"]
[BlackElo "2600"]
[Annotator "TA"]
[PlyCount "68"]
[EventDate "2020.11.29"]
[EventCountry "ESP"]
[SourceTitle "playchess.com"]
[Source "ChessBase"]
[SourceQuality "1"]

{[%evp 20,68,28,27,40,29,23,15,18,16,51,51,34,0,13,0,0,0,12,35,86,0,0,0,0,-153,50,-107,-111,-117,-124,-166,-143,-114,-117,-418,-236,-563,-765,-29989,-29990,-29991,-5477,-1451,-1402,-29989,-29990,-29992,-29993,-29996,-29997]} 1. e4 e5 2. Nf3 Nc6 3. Bb5 a6 4. Ba4 Nf6 5. O-O Be7 6. Re1 b5 7. Bb3 d6 8. c3 Na5 9. Bc2 c5 10. d4 cxd4 11. cxd4 Bg4 $1 {[%mdl 4] now scores much better than the old 11...Qc7. C90: Closed Ruy Lopez with 7...d6: Early deviations.} 12. Nbd2 Nc6 13. h3 Bh5 {The position is equal.} 14. g4 Nxg4 15. hxg4 Bxg4 16. Nb3 {With the idea d5.} O-O $1 17. d5 Nb4 18. Bb1 {aiming for Bd2.} f5 19. a3 Qe8 $1 {[%cal Re8g6] [#] ...Qg6 is the strong threat.} 20. axb4 $146 ({White should try} 20. Nbd2 $1 $16) ({Predecessor:} 20. exf5 Qh5 21. Be4 Rxf5 22. Nbd2 Nd3 23. Bxd3 Rxf3 24. Be2 Rh3 25. Bxg4 Rh1+ 26. Kg2 {0-1 (50) Navara,D (2734)-Predke,A (2632) Riga 2019}) 20... Qh5 $11 21. Nbd2 $1 {Hoping for Ra3.} Bh3 22. Nf1 $2 (22. Kh1 $11 Bg4+ 23. Kg2 (23. Kg1 Bh3 $11) 23... Bh3+ 24. Kh1 Bg4+ 25. Kg2 (25. Kg1 Bh3 $11) 25... Bh3+ 26. Kh1) 22... Qg6+ $2 ({Better is} 22... f4 $17 23. Nxe5 Qxe5) 23. Ng3 $2 (23. Bg5 $1 $14 {was the only good move.}) 23... f4 $17 24. Bxf4 Rxf4 $40 {[%mdl 128] Black goes for the king.} 25. Nh2 {Strongly threatening Qh5.} Bh4 $1 {[%cal Rh4g3]} 26. Ra3 Raf8 27. Kh1 $2 {[%mdl 8192] This move loses the game for White.} (27. Qe2 $17) 27... Bg2+ (27... Rxf2 $142 28. Rg1 Bg4 $1 {[%mdl 512]} 29. Nxg4 Bxg3 {[%mdl 64] Overworked Piece} 30. Rgxg3 Rf1+ 31. Qxf1 Rxf1+ 32. Kg2 Rxb1) 28. Kxg2 $2 (28. Kg1 {nothing else works.} Rxf2 29. Qg4 Qxg4 30. Nxg4 Rxb2 31. Rc1) 28... Rxf2+ $19 {[%mdl 64] Double Attack} 29. Kh3 Bxg3 {[%csl Gg3][%cal Rf2h2]} 30. Ng4 {[#]} Qg5 $1 {[%mdl 512]} 31. Kxg3 h5 {[%mdl 64] ( -> ...Qf4+). Pin} 32. Rh1 hxg4 {Black mates.} 33. Qc1 Rd2 34. Rf1 {[#]} Rf3+ $1 {[%mdl 512] Weighted Error Value: White=0.76/Black=0.45} 0-1

[Event "FEDA International Scheveningen 2020"]
[Site "La Palma"]
[Date "2020.12.05"]
[Round "6.1"]
[White "Vazquez Igarza, Renier"]
[Black "Cheparinov, Ivan"]
[Result "1/2-1/2"]
[WhiteElo "2556"]
[BlackElo "2688"]
[Annotator "TA"]
[PlyCount "68"]
[EventDate "2020.11.29"]
[EventCountry "ESP"]
[SourceTitle "playchess.com"]
[Source "ChessBase"]
[SourceQuality "1"]

{[%evp 18,68,0,0,0,-9,-9,-8,0,-9,-11,-8,-12,-30,-30,-34,-11,-32,-27,-27,-6,-22,-5,-31,-23,-30,0,0,0,0,0,0,0,0,15,0,0,0,0,0,0,0,0,0,0,0,0,0,0,0,0,0,0]} 1. d4 d5 2. Nf3 Nf6 3. c4 c6 4. e3 Bf5 5. Nc3 e6 6. Be2 Nbd7 7. O-O Bd6 8. b3 Ne4 9. Bb2 O-O 10. Nxe4 Bxe4 {D12: Slav Defence: 3 Nf3 Nf6 4 e3 Bf5.} 11. Nd2 Bg6 12. Nf3 {[#]} Qf6 $146 ({Predecessor:} 12... Qc7 13. h3 f5 14. a4 Bh5 15. Ng5 Bxe2 16. Qxe2 Rf6 17. c5 Be7 18. Qh5 h6 {1-0 (37) Calkins,D-Galerne,R (1826) ICCF email 2010}) 13. g3 Bf5 14. Rc1 Rad8 15. Nh4 Bh3 16. Re1 Qh6 17. Bf1 Bxf1 18. Rxf1 Nf6 19. Qe2 Ne4 20. cxd5 cxd5 21. Nf3 Qh3 22. Ne5 {The position is equal.} h5 23. f3 Nf6 24. Qb5 Rb8 25. Rf2 Qf5 26. Kg2 Rfc8 27. Rxc8+ Rxc8 28. Qxb7 {[%mdl 64] [#] Double Attack} Rc2 29. Qxf7+ Kh7 {...Rxf2+ is the strong threat.} 30. Rxc2 $1 Qxc2+ 31. Kh3 Bxe5 32. dxe5 Qf5+ 33. Kg2 $1 ({Avoid the trap} 33. Kh4 $2 Kh6 $19) 33... Qc2+ 34. Kh3 Qf5+ {Accuracy: White = 95%, Black = 95%.} 1/2-1/2

[Event "FEDA International Scheveningen 2020"]
[Site "La Palma"]
[Date "2020.12.05"]
[Round "6.2"]
[White "Santos Ruiz, Miguel"]
[Black "Korobov, Anton"]
[Result "1/2-1/2"]
[WhiteElo "2581"]
[BlackElo "2683"]
[Annotator "TA"]
[PlyCount "81"]
[EventDate "2020.11.29"]
[EventCountry "ESP"]
[SourceTitle "playchess.com"]
[Source "ChessBase"]
[SourceQuality "1"]

{[%evp 13,81,23,35,17,6,13,4,10,53,48,41,14,31,36,38,35,45,42,53,25,56,7,-13,-20,-20,-22,-20,-59,-54,-56,-60,-100,-92,-201,-208,-208,-212,-196,-212,-282,-284,-267,-160,-159,-151,-156,-139,-143,-96,-137,-72,-72,-32,-33,0,0,185,0,0,0,0,0,0,0,0,0,0,0,0,0]} 1. e4 c5 2. Nf3 d6 3. d4 cxd4 4. Nxd4 Nf6 5. Nc3 a6 6. Be3 e5 7. Nb3 Be6 8. h3 {B90: Sicilian Najdorf: Unusual White 6th moves, 6 Be3 Ng4 and 6 Be3 e5.} Nbd7 9. g4 h6 10. Qd2 Rc8 11. O-O-O Be7 12. f4 {[#]} exf4 $146 ({Predecessor:} 12... Qc7 13. Kb1 b5 14. Nd5 Bxd5 15. exd5 exf4 16. Bxf4 Nb6 17. Bg2 Nc4 18. Qf2 Nd7 {1-0 (32) Asis Gargatagli,H (2529)-Gomez Anadon,D (2271) Vila Seca 2019}) 13. Bxf4 Ne5 14. Kb1 O-O 15. Nd4 b5 16. Nf5 b4 17. Nxe7+ Qxe7 18. Nd5 $1 {[%cal Rd5e7]} (18. Qxd6 Qxd6 19. Rxd6 bxc3 $17) 18... Bxd5 19. exd5 a5 20. Bg2 Nc4 $36 {[%mdl 2048] Black has the initiative.} 21. Qd4 Rfe8 22. Bc1 Ne3 23. Rhe1 (23. Bxe3 $17 Qxe3 24. Qxe3 Rxe3 25. Rd2) 23... Qc7 $19 ({Stronger than} 23... Rxc2 24. Bf3 $16) 24. Bxe3 Qxc2+ {[%mdl 64] Double Attack} 25. Ka1 {aiming for Bf1.} Qxg2 26. Bxh6 {[#]} Rxe1 $1 ({Less strong is} 26... Qxh3 27. Rxe8+ Nxe8 28. Bg5 $17) 27. Rxe1 Re8 ({Weaker is} 27... Qxd5 28. Qxd5 Nxd5 29. Bd2 $17) (27... Qxh3 $19 28. Bg5 Nxg4) 28. Rxe8+ $17 Nxe8 29. Bc1 Qxh3 30. Qc4 Qh1 31. g5 g6 ({Black should play} 31... f6 32. gxf6 Nxf6) 32. b3 Ng7 {White must now prevent ...Nf5.} 33. a3 Nf5 {Strongly threatening ...Ne3!} 34. Ka2 bxa3 $2 (34... Qg2+ $11 {and Black has nothing to worry.} 35. Bb2 Kf8) 35. Bxa3 $2 (35. Kxa3 $18 Qh4 36. Qxh4 Nxh4 37. Ka4) 35... Qg2+ $11 {The position is equal.} 36. Bb2 {[#] Intending Qc8+ and mate.} Kf8 $1 37. Qc8+ Ke7 38. Qc7+ Ke8 39. Qc8+ Ke7 40. Qc7+ Ke8 41. Qc8+ {Whites escaped into a draw.  Weighted Error Value: White=0.17/Black=0.23} 1/2-1/2

[Event "FEDA International Scheveningen 2020"]
[Site "La Palma"]
[Date "2020.12.05"]
[Round "6.3"]
[White "Salgado Lopez, Ivan"]
[Black "Eljanov, Pavel"]
[Result "1/2-1/2"]
[WhiteElo "2593"]
[BlackElo "2672"]
[Annotator "TA"]
[PlyCount "69"]
[EventDate "2020.11.29"]
[EventCountry "ESP"]
[SourceTitle "playchess.com"]
[Source "ChessBase"]
[SourceQuality "1"]

{[%evp 16,69,15,7,8,0,0,0,10,0,10,4,5,6,13,-22,-29,-58,-11,-42,-34,-31,-35,-45,-33,-36,-25,-27,-25,-47,-27,-22,-15,-27,-30,-25,0,0,0,0,0,0,0,0,0,0,0,0,0,0,0,0,0,0,0,-29]} 1. Nf3 d5 2. g3 Bg4 3. Bg2 c6 4. c4 e6 5. O-O Nf6 6. cxd5 Bxf3 7. Bxf3 cxd5 8. d4 Nc6 9. Nc3 Be7 {A11: English Opening: 1...c6.} 10. b3 O-O 11. Bb2 Rc8 {[#]} 12. Bg2 $146 ({Predecessor:} 12. e3 Rc7 13. Rc1 Qb8 14. Qd3 Rfc8 15. Rfd1 a6 16. Be2 Qa7 17. Qb1 Na5 18. Bd3 {1-0 (69) Gabuzyan,H (2556)-Sevian,S (2645) Greensboro 2018}) 12... a6 13. Qd3 Qa5 14. a3 Qb6 15. Nb1 {[#]} Ne4 $1 {[%mdl 512]} 16. e3 (16. Bxe4 dxe4) 16... Rc7 17. f3 Nd6 18. Nd2 Rfc8 19. Rfc1 g6 20. Bf1 Nb8 21. Kf2 h5 22. Be2 Nd7 23. Rxc7 Rxc7 24. Rc1 Rxc1 25. Bxc1 Qc7 26. Bb2 {The position is equal.} Nb5 27. a4 Na7 28. e4 Nc6 29. e5 Ndb8 30. f4 Nb4 31. Qc3 Qxc3 32. Bxc3 N8c6 33. Nf3 Na2 34. Bb2 Bb4 35. Ke3 {Accuracy: White = 83%, Black = 91%.} 1/2-1/2

[Event "FEDA International Scheveningen 2020"]
[Site "La Palma"]
[Date "2020.12.05"]
[Round "6.4"]
[White "Santos Latasa, Jaime"]
[Black "Van Foreest, Jorden"]
[Result "1/2-1/2"]
[WhiteElo "2600"]
[BlackElo "2671"]
[Annotator "TA"]
[PlyCount "117"]
[EventDate "2020.11.29"]
[EventCountry "ESP"]
[SourceTitle "playchess.com"]
[Source "ChessBase"]
[SourceQuality "1"]

{[%evp 11,117,22,25,10,22,28,12,21,16,12,26,9,20,0,4,0,6,0,6,15,22,0,0,0,0,0,0,0,0,0,0,0,0,0,0,0,0,0,0,0,0,0,0,0,0,0,25,29,56,62,56,49,66,29,36,35,80,113,113,110,214,214,152,152,152,153,153,153,154,37,335,305,424,295,235,16,16,16,16,16,16,16,16,16,16,16,16,0,0,0,0,0,3,0,0,0,0,0,0,0,8,0,0,0,5,62,69,69]} 1. d4 d5 2. c4 e6 3. Nc3 Nf6 4. cxd5 exd5 5. Bg5 Bb4 6. e3 h6 7. Bxf6 {D35: Queen's Gambit Declined: Exchange Variation.} Qxf6 8. Qb3 Qd6 9. a3 {The position is equal.} Bxc3+ 10. Qxc3 Bf5 {[#]} 11. Ne2 $146 ({Predecessor:} 11. Rc1 c6 12. Qb3 b6 13. Qc3 O-O 14. Ne2 Rc8 15. Ng3 Bg6 16. Bd3 c5 17. Bxg6 Qxg6 18. dxc5 Rxc5 {½-½ (49) Grishchenko,S (2440)-Poloch,P (2292) Ceske Budejovice 2015}) 11... Nd7 12. Ng3 Bg6 13. Be2 h5 14. h4 Nf6 15. Qb4 Ke7 16. Kd2 Qxb4+ 17. axb4 a6 18. b5 axb5 19. Bxb5 Ne4+ 20. Nxe4 Bxe4 21. f3 Bf5 22. Bd3 Bxd3 23. Kxd3 $11 {[%mdl 4096] Endgame KRR-KRR} Rhg8 24. b3 f5 25. b4 Kd6 26. b5 Rge8 27. Rhc1 Kd7 28. Rg1 Kd6 29. Rxa8 Rxa8 {KR-KR} 30. g4 $1 {[%cal Rg4h5]} Ra3+ 31. Kd2 $1 Ra2+ 32. Kc3 fxg4 33. fxg4 hxg4 34. Rxg4 Ra3+ 35. Kd2 $1 Rb3 (35... Ra2+ $16 {is a better defense.} 36. Kd3 Rh2) 36. Rg6+ $18 ({Stronger than} 36. Rxg7 Rxb5 37. h5 Rb2+ 38. Kc3 Re2 $11) 36... Kd7 37. Rxg7+ Kd6 {[#]} 38. b6 $1 {[%cal Rb6c7]} cxb6 39. Rxb7 Kc6 40. Rh7 (40. Rg7 $16) 40... b5 $2 {[%mdl 8192] [#]} ({Black should try} 40... Rb2+ $14 41. Kc3 Rh2) 41. Rh6+ $1 Kc7 42. h5 b4 43. Rh8 $2 ({White should play} 43. Re6 $18) 43... Rb2+ $11 44. Kc1 Rh2 45. h6 Kb7 46. h7 b3 47. Rd8 Rxh7 48. Rxd5 Kb6 $1 49. Rc5 {And now Kb2 would win.} Rh2 50. Rc3 b2+ 51. Kb1 Re2 52. d5 Kb5 53. d6 Rd2 54. d7 Kb4 55. Rc7 Kb5 56. e4 {Black must now prevent e5.} Kb6 57. Rc4 Rxd7 58. Kxb2 Rc7 59. Kc3 {Blacks defense is rewarded with a draw.  Weighted Error Value: White=0.17/Black=0.19} 1/2-1/2

[Event "FEDA International Scheveningen 2020"]
[Site "La Palma"]
[Date "2020.12.05"]
[Round "6.5"]
[White "Anton Guijarro, David"]
[Black "Edouard, Romain"]
[Result "1-0"]
[WhiteElo "2675"]
[BlackElo "2640"]
[Annotator "TA"]
[PlyCount "75"]
[EventDate "2020.11.29"]
[EventCountry "ESP"]
[SourceTitle "playchess.com"]
[Source "ChessBase"]
[SourceQuality "1"]

{[%evp 15,75,13,2,0,5,0,0,0,54,-17,0,-32,-33,-54,-60,-60,-65,-45,-12,0,-4,-24,0,0,10,-75,144,149,150,153,153,138,146,145,133,134,136,136,172,186,187,164,159,168,193,196,289,275,310,291,308,297,441,424,424,428,420,411,468,460,581,556]} 1. Nf3 Nf6 2. c4 c5 3. Nc3 Nc6 4. g3 d5 5. cxd5 Nxd5 6. Bg2 Nc7 7. a3 e5 8. b4 f6 9. b5 $5 {[%mdl 4] 9.Rb1 is the modern continuation. Leaves trodden paths. A34: Symmetrical English: 2 Nc3, lines with ...d5.} Nd4 10. Rb1 Be7 11. e3 {[#] The position is equal.} Bf5 $146 (11... Nxf3+ $11 12. Bxf3 O-O) ({Predecessor:} 11... Nxf3+ 12. Qxf3 O-O 13. Qe2 Bf5 14. Ne4 Kh8 15. O-O Qd7 16. a4 Rfd8 17. Bb2 Rac8 {1-0 (39) Kjartansson,G (2453)-Basko,B (2189) Lvov 2019}) 12. Rb2 (12. exd4 $14 exd4 13. Nh4 {[%mdl 64] Discovered Attack}) 12... Nde6 $11 13. O-O Bd3 14. b6 axb6 15. Rxb6 O-O 16. Rxb7 Rb8 17. Rxb8 Qxb8 18. Qa4 c4 19. Ne1 Nc5 20. Qc6 (20. Qd1 $1 $11) 20... f5 $2 (20... Bxf1 $17 {stays on course.} 21. Bxf1 Kh8) 21. Nxd3 $16 {White now steadily converts the win.} cxd3 22. Nd5 Nxd5 23. Bxd5+ Kh8 {...Rc8 is the strong threat.} 24. a4 $1 Rf6 25. Qb5 Rb6 26. Qc4 $1 {Strongly threatening Ba3.} Ra6 27. Qc3 $1 {Threatens to win with Ba3.} Qd6 28. Bb3 Nxb3 29. Qxb3 Ra8 {[#]} 30. Bb2 $1 Rb8 {[#]} (30... Qb4 $142 31. Qd5 Rd8 32. Qxe5 Bf6) 31. Qa2 $1 $18 h5 32. Bc3 h4 33. Qf7 Bf6 (33... Rf8 $142 34. Qh5+ Kg8) 34. Qh5+ Kg8 35. Qxf5 Qc6 36. a5 Rb5 {If Black can now play ...e4 this consolidates a bit.} 37. e4 Rc5 38. Rb1 {Weighted Error Value: White=0.14/Black=0.37} 1-0

[Event "FEDA International Scheveningen 2020"]
[Site "La Palma"]
[Date "2020.12.06"]
[Round "7.1"]
[White "Cheparinov, Ivan"]
[Black "Santos Ruiz, Miguel"]
[Result "1/2-1/2"]
[WhiteElo "2688"]
[BlackElo "2581"]
[Annotator "TA"]
[PlyCount "60"]
[EventDate "2020.11.29"]
[EventCountry "ESP"]
[SourceTitle "playchess.com"]
[Source "ChessBase"]
[SourceQuality "1"]

{[%evp 14,60,25,23,22,22,22,24,20,12,12,18,13,0,6,8,13,4,4,4,4,4,4,4,4,4,0,5,11,22,25,20,27,-9,0,-6,0,-45,-45,-229,-154,-153,0,0,0,-152,0,0,0]} 1. d4 Nf6 2. c4 e6 3. Nf3 d5 4. Nc3 c5 5. cxd5 cxd4 6. Qxd4 exd5 7. Bg5 Be7 8. e3 O-O {D50: Queen's Gambit Declined: Dutch-Peruvian Gambit.} 9. Be2 h6 10. Bh4 Nc6 {White has an edge.} 11. Qd3 Qb6 12. O-O Rd8 {[#]} 13. Nb5 $146 ({Predecessor:} 13. Rfd1 Bg4 14. Qb5 Qxb5 15. Nxb5 Rac8 16. h3 Be6 17. Rac1 g5 18. Bg3 Ne4 19. Bc7 {½-½ (42) Bluebaum,M (2646)-So,W (2810) Tbilisi 2017}) 13... a6 14. Nbd4 g5 {[#] aiming for ...Nxd4.} 15. Bg3 Ne4 16. Rac1 Bf6 17. Nxc6 bxc6 {[%cal Bb7c6,Bc6c5][%mdl 32]} 18. Be5 c5 19. Bxf6 Qxf6 20. Nd2 Bf5 21. Nxe4 Bxe4 22. Qa3 Rab8 23. Rxc5 Rxb2 24. Qxa6 Rd6 25. Qc8+ Kg7 {[%mdl 1024] Black has compensation.} 26. Bh5 $2 ({Better is} 26. Bb5 $15) 26... Bd3 27. Rc7 Rd7 {Threatens to win with ...Rxc7.} 28. Rc6 Rd6 29. Rc7 {[#]} Rd7 $2 ({Black should try} 29... Ba6 $1 $17 {[%cal Ra6c8]} 30. Qg4 Bxf1 31. Rxf7+ Qxf7 32. Bxf7 Rb1 33. Qd4+ Kxf7) 30. Rc6 $11 Rd6 {Weighted Error Value: White=0.20/Black=0.20} 1/2-1/2

[Event "FEDA International Scheveningen 2020"]
[Site "La Palma"]
[Date "2020.12.06"]
[Round "7.2"]
[White "Korobov, Anton"]
[Black "Salgado Lopez, Ivan"]
[Result "1/2-1/2"]
[WhiteElo "2683"]
[BlackElo "2593"]
[Annotator "TA"]
[PlyCount "31"]
[EventDate "2020.11.29"]
[EventCountry "ESP"]
[SourceTitle "playchess.com"]
[Source "ChessBase"]
[SourceQuality "1"]

{[%evp 9,31,-2,0,0,0,0,0,-7,0,0,0,-7,-2,0,0,-17,-10,-17,0,0,0,-18,0,-7]} 1. d4 Nf6 2. Bg5 d5 3. Nd2 c5 4. e3 cxd4 5. exd4 Nc6 {The position is equal.} 6. c3 {D00: 1 d4 d5: Unusual lines.} h6 7. Bf4 Bf5 8. Qb3 Qc8 9. Ngf3 e6 10. Be2 $5 {[%mdl 4] An interesting side line.} Be7 11. O-O O-O {[#]} 12. a4 $146 ({Predecessor:} 12. h3 Bh7 13. a4 Na5 14. Qa2 Rd8 15. Rfc1 Bd6 16. Bxd6 Rxd6 17. b4 Nc6 18. a5 {1-0 (41) Bosiocic,M (2625)-He,A (2337) chess.com INT 2020}) 12... Nh5 13. Be3 Nf6 14. Bf4 Nh5 15. Be3 Nf6 16. Bf4 {An uneventful encounter.  Weighted Error Value: White=0.02/Black=0.03} 1/2-1/2

[Event "FEDA International Scheveningen 2020"]
[Site "La Palma"]
[Date "2020.12.06"]
[Round "7.3"]
[White "Eljanov, Pavel"]
[Black "Santos Latasa, Jaime"]
[Result "1/2-1/2"]
[WhiteElo "2672"]
[BlackElo "2600"]
[Annotator "TA"]
[PlyCount "62"]
[EventDate "2020.11.29"]
[EventCountry "ESP"]
[SourceTitle "playchess.com"]
[Source "ChessBase"]
[SourceQuality "1"]

{[%evp 13,62,12,11,18,23,14,6,0,0,3,38,43,68,38,41,40,22,33,29,28,26,0,0,0,0,0,0,5,7,0,0,0,14,0,1,3,4,-13,-6,-13,-12,-12,-12,-12,-12,-12,-12,-12,-12,-13,-16]} 1. e4 e5 2. Nf3 Nf6 3. Nxe5 d6 4. Nf3 Nxe4 5. Nc3 Nxc3 6. dxc3 Be7 7. Be3 O-O 8. Qd2 {C42: Petroff Defence: 3 Nxe5 and unusual White 3rd moves.} Nd7 9. h4 Nf6 10. Bd3 Re8 11. O-O-O {[#]} c5 $1 $146 {[%mdl 8] A relevant novelty.} ({Predecessor:} 11... h6 12. Kb1 c5 13. Ng5 d5 14. f3 Qc7 15. g4 d4 16. cxd4 c4 17. Be4 c3 18. bxc3 {1-0 (40) Sevian,S (2660)-Tabatabaei,M (2629) chess.com INT 2020}) 12. Bg5 a6 13. Bc4 b5 14. Bxf6 Bxf6 15. Bd5 Ra7 16. Ng5 Bf5 $1 17. f3 h6 {The position is equal.} 18. Ne4 Bxe4 19. Bxe4 Bxh4 {[#] Strongly threatening ...Rxe4!} 20. Qxd6 Bg5+ 21. Kb1 Qxd6 22. Rxd6 b4 23. cxb4 cxb4 24. Rhd1 a5 25. g4 g6 26. c4 bxc3 27. bxc3 Rc7 28. Kc2 Rec8 29. R1d3 Kg7 30. Rd7 Bf6 31. Rxc7 Rxc7 {Weighted Error Value: White=0.05/Black=0.04} 1/2-1/2

[Event "FEDA International Scheveningen 2020"]
[Site "La Palma"]
[Date "2020.12.06"]
[Round "7.4"]
[White "Van Foreest, Jorden"]
[Black "Anton Guijarro, David"]
[Result "0-1"]
[WhiteElo "2671"]
[BlackElo "2675"]
[Annotator "ChessBase"]
[PlyCount "158"]
[EventDate "2020.11.29"]
[EventCountry "ESP"]
[SourceTitle "playchess.com"]
[Source "ChessBase"]
[SourceQuality "1"]

1. e4 c6 2. d4 d5 3. e5 Bf5 4. h4 h5 5. Bd3 Bxd3 6. Qxd3 Qa5+ 7. b4 Qa6 8. Qb3 e6 9. a4 Ne7 10. Nf3 Nf5 11. Bd2 Nd7 12. Nc3 Be7 13. Ra2 O-O 14. Ne2 b5 15. a5 f6 16. Nf4 fxe5 17. Nxe6 e4 18. Nfg5 Qc8 19. Nxf8 Nxf8 20. c3 Qe8 21. Qd1 Qg6 22. g4 hxg4 23. Qxg4 Nh6 24. h5 e3 25. hxg6 exd2+ 26. Rxd2 Nxg4 27. Nf3 Bf6 28. Re2 Nh6 29. a6 Nf5 30. Ne5 Ne7 31. f4 Bxe5 32. fxe5 Nexg6 33. Rg2 Nf4 34. Rg4 N4e6 35. Kd2 Rb8 36. Rgh4 Ng6 37. Rg4 Ngf8 38. Rgh4 Rb6 39. Rh8+ Kf7 40. Ra1 Ke7 41. Rg8 Rb8 42. Rg1 Kf7 43. Rh8 g6 44. Ke3 Kg7 45. Rh2 Rb6 46. Ra2 Rb8 47. Rf2 Nh7 48. Rfg2 Nef8 49. Rf2 Re8 50. Rf3 Re7 51. Rf2 Ne6 52. Rfg2 Nhf8 53. Rf2 Nd7 54. Rfg2 Nef8 55. Rf2 Rf7 56. Rxf7+ Kxf7 57. Kf4 Kg7 58. Kg4 Ne6 59. Rf1 Nc7 60. Kg5 Nf8 61. Ra1 Nh7+ 62. Kg4 Ne6 63. Rf1 Neg5 64. Kf4 Ne4 65. Rg1 Nf8 66. Rg2 Ne6+ 67. Kg4 Nd8 68. Rc2 Nf7 69. Rb2 Nh6+ 70. Kf3 Nf5 71. Rc2 g5 72. Rc1 Kg6 73. Rh1 g4+ 74. Kf4 g3 75. Kf3 Kg5 76. Rc1 Nh4+ 77. Ke3 Kg4 78. Ke2 g2 79. e6 Nf5 0-1

[Event "FEDA International Scheveningen 2020"]
[Site "La Palma"]
[Date "2020.12.06"]
[Round "7.5"]
[White "Edouard, Romain"]
[Black "Vazquez Igarza, Renier"]
[Result "1-0"]
[WhiteElo "2640"]
[BlackElo "2556"]
[Annotator "TA"]
[PlyCount "51"]
[EventDate "2020.11.29"]
[EventCountry "ESP"]
[SourceTitle "playchess.com"]
[Source "ChessBase"]
[SourceQuality "1"]

{[%evp 16,51,6,4,27,27,41,45,43,41,47,37,59,58,42,49,65,65,60,60,60,63,59,65,83,87,157,165,120,138,154,120,400,205,474,482,1011,939]} 1. e4 c5 2. Nf3 e6 3. d4 cxd4 4. Nxd4 Nc6 5. c4 Nf6 6. Nc3 Bb4 7. Nxc6 bxc6 8. Bd3 e5 9. O-O Bxc3 {B44: Sicilian: Taimanov: 5 Nb5.} 10. bxc3 d6 11. Qa4 Qc7 {White is slightly better.} 12. c5 dxc5 13. Be3 Nd7 14. Qa3 {[%mdl 1024] White has compensation.} O-O 15. Rfd1 Rb8 16. Rd2 Re8 17. Rad1 h6 {[#]} 18. f3 $146 ({Predecessor:} 18. h3 Kh7 19. Be2 Rb6 20. Bc4 Re7 21. Rd6 Qb7 22. Qc1 f6 23. Be6 Ra6 24. Bf5+ {1-0 (37) Lokesh,N (2189)-Swapnil,S (2458) Nagpur 2015}) 18... a5 19. Bf1 Re6 20. Bxc5 Nxc5 {[#]} (20... Re8 $142) 21. Rd8+ $1 $16 ({Don't do} 21. Qxc5 Re8 $16) 21... Kh7 {aiming for ...Nd7.} 22. Qxc5 Re7 23. h4 h5 $2 {[%mdl 8192]} (23... Ra8 $16 24. R8d6 Qa7 25. Rxc6 Be6) 24. Kh2 (24. Rf8 $142) 24... a4 $2 {[#]} (24... Ra8 25. R8d6 Bb7) 25. Ba6 $1 $18 {[%mdl 512]} Re6 (25... Bxa6 $142 26. Rxb8 Qa7) 26. Qf8 {Weighted Error Value: White=0.15/Black=0.51} 1-0

[Event "FEDA International Scheveningen 2020"]
[Site "La Palma"]
[Date "2020.12.07"]
[Round "8.1"]
[White "Salgado Lopez, Ivan"]
[Black "Cheparinov, Ivan"]
[Result "0-1"]
[WhiteElo "2593"]
[BlackElo "2688"]
[Annotator "TA"]
[PlyCount "70"]
[EventDate "2020.11.29"]
[EventCountry "ESP"]
[SourceTitle "playchess.com"]
[Source "ChessBase"]
[SourceQuality "1"]

{[%evp 9,70,9,25,17,15,19,16,0,14,18,23,3,8,-10,-14,-14,-14,-10,-14,-12,-12,-30,-20,-22,-14,-36,-38,-43,-33,-31,-30,-32,-33,-29,-37,-51,-62,-65,-48,-57,-48,-58,-75,-87,-64,-64,-76,-60,-45,-289,-288,-374,-379,-570,-570,-564,-555,-534,-534,-500,-465,-468,-459]} 1. e4 c5 2. c3 e5 3. Nf3 Nc6 4. Bb5 a6 5. Ba4 b5 6. Bc2 {B22: Sicilian: 2 c3.} d5 7. exd5 Qxd5 8. O-O {The position is equal.} Nf6 {[#]} 9. d3 $146 ({Predecessor:} 9. h3 Be7 10. d3 O-O 11. Be3 Rd8 12. Qe2 Bf5 13. Rd1 h6 14. Na3 Qd7 15. Ne1 {1-0 (55) Roos,K (2032)-Tischer,D Germany 2003}) 9... Bf5 10. Re1 Be7 11. Qe2 {[%cal Rf3e5]} (11. a4 {is more complex.} O-O 12. axb5 axb5 13. Rxa8 Rxa8 14. Na3) 11... Rd8 {[%cal Rf5d3]} 12. Nxe5 Qxe5 13. Qxe5 Nxe5 14. Rxe5 Bxd3 15. Bxd3 Rxd3 16. Nd2 Nd5 17. Re1 f6 18. Ne4 {[#] Hoping for Nxc5.} Kf7 19. f3 c4 20. Kf1 {Threatening Nf2.} Nb6 21. Be3 Na4 22. Re2 {[#]} Nxb2 $1 {[%mdl 512]} 23. Nf2 $1 (23. Rxb2 Rxe3) 23... Rxc3 {White must now prevent ...Nd3.} 24. Bd4 Na4 {aiming for ...Ra3.} 25. Rae1 Bb4 {Threatens to win with ...Ra3.} 26. Bxc3 Nxc3 27. Rd2 Rc8 28. Rd7+ Kf8 29. Ra7 $2 {Loses the game.} (29. Rc1 $15) 29... Nd5 $19 ({Weaker is} 29... Nxa2 30. Ra1 $17) 30. Re6 c3 {Strongly threatening ...c2.} 31. Raxa6 (31. g3 {might work better.} c2 32. Nd3) 31... c2 {Black is clearly winning.} 32. Nd3 {With the idea Rac6.} c1=Q+ 33. Nxc1 Rxc1+ 34. Kf2 Nc7 35. Rec6 Bc5+ {Weighted Error Value: White=0.31/Black=0.04} 0-1